Microsoft Access 7.0 a for Windows 95 / (Record no. 180164)
[ view plain ]
| 000 -LEADER | |
|---|---|
| fixed length control field | 00715 a2200193 4500 |
| 003 - CONTROL NUMBER IDENTIFIER | |
| control field | Nust |
| 005 - DATE AND TIME OF LATEST TRANSACTION | |
| control field | 20230608125131.0 |
| 010 ## - LIBRARY OF CONGRESS CONTROL NUMBER | |
| LC control number | 9582268 |
| 020 ## - INTERNATIONAL STANDARD BOOK NUMBER | |
| International Standard Book Number | 0070491062 |
| 040 ## - CATALOGING SOURCE | |
| Transcribing agency | Nust |
| 082 ## - DEWEY DECIMAL CLASSIFICATION NUMBER | |
| Classification number | 005.74,OLE |
| 100 ## - MAIN ENTRY--PERSONAL NAME | |
| Personal name | J.O'Leary, Timothy |
| 9 (RLIN) | 113095 |
| 245 ## - TITLE STATEMENT | |
| Title | Microsoft Access 7.0 a for Windows 95 / |
| Statement of responsibility, etc. | Timothy J.O'Leary & Linda I.O'Leary |
| 260 ## - PUBLICATION, DISTRIBUTION, ETC. | |
| Place of publication, distribution, etc. | Singapore |
| Name of publisher, distributor, etc. | McGraw Hill |
| Date of publication, distribution, etc. | 1996 |
| 300 ## - PHYSICAL DESCRIPTION | |
| Extent | 239 p |
| 505 ## - FORMATTED CONTENTS NOTE | |
| Formatted contents note | Creating a Database (Page-Db8), Modifying a Table and Creating a form (Page-Db58), Filtering and Querying Tables (Page-Db114), Creating and Modifying Reports (Page-Db156), Sharing Information Between Applications (Page-Db192). |
| 651 ## - SUBJECT ADDED ENTRY--GEOGRAPHIC NAME | |
| Geographic name | Microsoft Access |
| 9 (RLIN) | 113096 |
| 942 ## - ADDED ENTRY ELEMENTS (KOHA) | |
| Source of classification or shelving scheme | |
| Koha item type | Book Bank |
| Withdrawn status | Lost status | Source of classification or shelving scheme | Damaged status | Not for loan | Permanent Location | Current Location | Shelving location | Date acquired | Full call number | Barcode | Date last seen | Price effective from | Koha item type | Public note |
|---|---|---|---|---|---|---|---|---|---|---|---|---|---|---|
| Military College of Signals (MCS) | Military College of Signals (MCS) | General Stacks | 12/12/2016 | 005.74,OLE | MCS26562 | 12/08/2016 | 12/12/2016 | Book | Almirah No.81, Shelf No.3 |
